Analýza vybraného makroekonomického ukazovateľa využitím štatistického softvéru bakalárska práca

Guardado en:
Detalles Bibliográficos
Autor principal: Perednenko, Vladyslav
Autor Corporativo: Fakulta hospodárskej informatiky EU. Katedra štatistiky
Otros Autores: Košíková, Martina, 1997-
Formato: Libro
Lenguaje:eslovaco
Publicado: Bratislava 2024
Etiquetas: Agregar Etiqueta
Sin Etiquetas, Sea el primero en etiquetar este registro!

MARC

LEADER 00000nbm a2200000 4500
001 0302669
005 20250130091228.5
041 0 |a slo 
044 |a SK 
245 1 0 |a Analýza vybraného makroekonomického ukazovateľa využitím štatistického softvéru  |b bakalárska práca  |c Vladyslav Perednenko ; školiteľ: Martina Košíková 
264 1 |a Bratislava  |c 2024 
300 |a 43 s. 
100 1 |a Perednenko, Vladyslav 
700 1 |a Košíková, Martina, 1997- 
710 2 |a Fakulta hospodárskej informatiky EU. Katedra štatistiky